Top 10 leading scorer from each country (nhl) - Statistics

General Stats
  • This quiz has been taken 1,392 times
    1,046 since last reset
  • The average score is 31 of 120
Answer Stats
Country Points Player % Correct
Canada 2857 Wayne Gretzky
96%
Czech Republic 1921 Jaromir Jagr
83%
1084 Alexander Ovechkin
80%
1850 Gordie Howe
79%
1723 Mario Lemieux
75%
Finland 1457 Teemu Selanne
75%
1887 Mark Messier
72%
1374 Mike Modano
67%
USA 1391 Brett Hull
66%
1398 Jari Kurri
64%
Sweden 1349 Mats Sundin
62%
1015 Daniel Sedin
58%
1052 Henrik Sedin
58%
1775 Steve Yzerman
57%
1641 Joe Sakic
54%
885 Peter Forsberg
53%
Russia 1179 Sergei Fedorov
53%
1771 Marcel Dionne
50%
173 Leon Draisaitl
46%
1142 Nicklas Lidstrom
46%
1590 Phil Esposito
46%
1798 Ron Francis
45%
639 Mikko Koivu
44%
832 Saku Koivu
44%
1134 Marian Hossa
43%
Slovakia 1467 Stan Mikita
42%
1579 Ray Bourque
41%
636 Anton Stastny
39%
878 Evgeni Malkin
39%
1239 Peter Stastny
39%
1032 Alexander Mogilny
38%
1157 Daniel Alfredsson
38%
918 Pavel Datsyuk
37%
265 Roman Josi
36%
Nor 294 Mats Zuccarello
34%
935 Henrik Zetterberg
33%
816 Ilya Kovalchuk
33%
869 Markus Naslund
33%
1216 Jeremy Roenick
31%
552 Jussi Jokinen
30%
1065 Kieth Tkachuk
30%
750 Olli Jokinen
30%
808 Marian Gaborik
29%
1025 Patrik Elias
29%
245 Peter Lee
28%
France/Austria 729 Thomas Vanek
28%
1029 Alexei Kovalev
26%
1028 Brian Leetch
26%
892 Peter Bondra
26%
630 Esa Tikkanen
24%
948 Chris Chelios
22%
487 Marco Sturm
22%
768 Pavol Demitra
22%
1232 Phil Housley
22%
Germany 791 Dany Heatley
21%
637 Teppo Numminen
21%
1013 Pat Lafontaine
20%
735 Miroslav Satan
19%
91 Alex Smith
18%
514 Jere Lehtinen
18%
713 Zigmund Palffy
18%
1063 Joe Mullen
17%
571 Kimmo Timonen
17%
202 Lars Eller
17%
805 Milan Hejduk
17%
136 Nikolaj Ehlers
17%
781 Alexei Yashin
15%
195 Nino Niederreiter
15%
United Kingdom 885 Owen Nolan
15%
853 Slava Kozlov
15%
281 Uwe Krupp
14%
811 Sergei Gonchar
13%
856 Tomas Sandstrom
13%
Norway/Denmark 405 Frans Nielsen
12%
463 Jochen Hecht
12%
717 Matrin Straka
12%
717 Petr Nedved
12%
40 Pierre-Edouard Bellemare
12%
747 Bobby Holik
11%
136 Antoine Roussel
10%
251 Dennis Seidenberg
10%
1033 Doug Weight
10%
677 Jozef Stumpel
10%
188 Marcel Goc
10%
Aus 236 Michael Grabner
10%
189 Tommy Anderson
10%
721 Petr Sykora
9%
703 Robert Lang
9%
817 Thomas Steen
9%
339 Christian Ehrhoff
8%
Aus 106 Michael Raffl
8%
765 Vaclav Prospal
8%
Nor 111 Espen Knutsen
7%
246 Jannik Hansen
7%
Switzerland 434 Mark Striet
7%
262 Mikkel Boedker
7%
638 Roman Hamrlik
7%
81 Yannick Weber
7%
800 Ken Hodge
6%
62 Sven Andrighetto
5%
105 Tobias Rieder
5%
678 Walt Tkaczuk
5%
Aus 36 Andreas Nodl
4%
58 Damien Brunner
4%
98 Luca Sbisa
4%
47 Oliver Bjorkstrand
4%
67 Peter Regin
4%
41 Philippe Bozon
4%
217 Adam Brown
3%
202 Jim Conacher
3%
Aus 36 Kraig Nienhuis
3%
89 Paulin Bordeleau
3%
98 Sebastien Bordeleau
3%
112 Sven Bartschi
3%
113 Hnat Domenichelli
2%
147 Jack Beattle
2%
99 Jack Evans
2%
80 Paul Dipietro
2%
54 Poul Popiel
2%
116 Gordon Pettinger
1%
No matching quizzes found
Score Distribution
Percent of People with Each Score
Percentile by Number Answered
Your Score History
You have not taken this quiz since the last reset